Регионална библиотека "Любен Каравелов" - Русе

Из архивата на Министерството на народното просвещение 1878/79-1884/85 (Запис номер 35242)

MARC детайли
000 -Лидер
Контролно поле с фиксирана дължина 01725nam a2200433 c 4500
003 - Код на организацията, давaща контролен номер
Контролно поле BLK
005 - Дата и час на последна редакция
Контролно поле 20240812133213.0
008 - Елементи от данни с фиксирана дължина
fixed length control field 180408b bul|||||r ||||||| ||bul||
010 ## - Наследен системен номер
LC control number KNG00037971000
040 ## - Източник на каталожния запис
Идентификатор на билиотеката - собственик на записа BLK
041 ## - Код за език
Код за езика на текст/звукозапис или на отделно заглавие Български
Код за езика КДБФ Български
072 #7 - Код за тематичната категория
Код организация bullib
Код за тематична категория К
Текст Краезнание
080 ## - УДК
Текстов определител УДК Образователна политика. Образование и общественост
УДК код - определител по УДК 37.014
УДК определител (497.2)
УДК - код + определител 37.014(497.2)
080 ## - УДК
Текстов определител УДК Архивистика. Архиви
УДК код - определител по УДК 930.25
УДК - код + определител 930.25
139 ## - Редно поле
Редна дума Из архивата на Министерството на народното просвещение 1878/79-1884/85
Авторски знак Из - И 35
245 10 - Сведения за заглавието
Заглавие Из архивата на Министерството на народното просвещение 1878/79-1884/85
Редно поле (дума) състав. Никола Иванов Ванков.
257 ## - Страна на издаване
Страна на създаване/издаване България
260 ## - Област на издателските данни
Година на издаване 1905
Печатница София : Държ. печ.
300 ## - Физическа характеристика
Страници 458 с.
Размери/Мащаб 23 см
380 ## - Жанр
Жанр Обществени науки
650 #4 - Допълнително описание по предмет – тема
Основно описание – тема или топоним Образование и просвета - България
9 (RLIN) 262383
650 #4 - Допълнително описание по предмет – тема
Основно описание – тема или топоним България - образование и просвета
9 (RLIN) 274208
651 #4 - Допълнително описание по предмет - топоним
Географско понятие България
9 (RLIN) 241624
653 ## - Ключова дума – ненормативна
Ключова дума образование
653 ## - Ключова дума – ненормативна
Ключова дума просветна дейност
653 ## - Ключова дума – ненормативна
Ключова дума документи
653 ## - Ключова дума – ненормативна
Ключова дума архиви
653 ## - Ключова дума – ненормативна
Ключова дума министерства
659 ## - Тематичен бюлетин
Тематичен бюлетин К
700 1# - Други автори (авторска отговорност)
Лично име Ванков, Никола Иванов
Автороска отговорност (Описва отношението между автора и произведението) състав.
9 (RLIN) 274207
852 ## - Местоположение
Форматна сигнатура Цб 3.230.12387
852 ## - Местоположение
Форматна сигнатура К 37/И 35
856 4# - Електронен адрес и достъп
Електронен формат pdf - файл
856 4# - Електронен адрес и достъп
Електронен формат pdf - файл
999 ## - СИСТЕМНИ КОНТРОЛНИ НОМЕРА
Koha biblionumber 35242
Koha biblioitemnumber 35242
942 ## - АРТИКУЛИ
Вид на библиотечния материал Книги
Скрит в OPAC Не
Периодичен библиозапис Да
Koha issues (borrowed), all copies 1
944 ## - СЪЗДАВАНЕ И РЕДАКЦИЯ на ЗАПИСА
Създаване/Редакция Създаване
Дата на регистрацията/редакция 13.03.2015
Служител, извършил регистрацията/редакцията 30563
Статус, дата на статуса Ивелин Русев
944 ## - СЪЗДАВАНЕ И РЕДАКЦИЯ на ЗАПИСА
Създаване/Редакция Редакция
Дата на регистрацията/редакция 13.03.2015
Служител, извършил регистрацията/редакцията Валя_Йорданова
999 ## - СИСТЕМНИ КОНТРОЛНИ НОМЕРА
Koha biblioitemnumber 35242
Наличности
Код за отписване Код за изгубен артикул Източник на класификационната схема Код за повреда Коз за рестрикции Код за отдаване Артикулен № Име на библиотеката - собственик Име на библиотеката, в която се намира в момента Статус (Текущо местоположение) Дата на вписване в системата Местоположение - отдел Цена в лева Инвентарен номер Систематично азбучна сигнатура Баркод Номер на екземпляра Цена в евро Служебна бележка Служебен тип на артикула
  Не е изгубен Universal Decimal Classification Не е повреден без рестрикции ползва се в читалня 55772 Регионална библиотека "Любен Каравелов" Русе Регионална библиотека "Любен Каравелов" Русе Краезнание 1905-01-01 Краезнание 0.64 12387 К 37/И 35 900000096599 1 0.33 N: Сф Дата: 01.01.1905 Дата инв: 09.11.2017 Бележки инв: К2017 Книги
Vip Innovations Ltd, Rousse, Bulgaria 2025